| 000 | 00844cam a22002535a 4500 | ||
|---|---|---|---|
| 001 | L159202 | ||
| 008 | 160317s2016 xxk f 000 0 eng d | ||
| 020 | _a9781118675571 | ||
| 035 | _a(Sirsi) u159202 | ||
| 041 | 0 | _aeng | |
| 050 | 0 | 4 | _a526.982 |
| 100 | 1 | _aLeick, Alfred | |
| 245 | 0 | 0 | _aGPS Satellite Surveying |
| 250 | _a4th edition | ||
| 260 |
_aJohn Wiley & Sons _bHoboken _c2015 |
||
| 300 | _axxiv, 807p, 25cm | ||
| 520 | _aComprehensive information on GPS technology featuring latest information on GNSS antennas, precise point positioning, real time relative positioning and lattice reduction. Updated and fully expanded to reflect the newest developments in the field. | ||
| 590 | _aKA | ||
| 651 | 4 | _aInternational | |
| 690 |
_aGeomatics _96242 |
||
| 700 | 1 | _aRapoport, Lev | |
| 700 | 1 | _aTatarnikov, Dmitry | |
| 942 | _n0 | ||
| 999 |
_c115740 _d115740 |
||